Logos de football - Anecdote - Statistiques

Statistiques générales
  • Ce quiz a été pris 4 110 fois
  • Le résultat moyen est 49 sur 60
Statistiques - réponses
Question Tuile Select % Correct
Qui ont remporté la Ligue des Champions/t Coupe des Clubs Champions Européens Oui
95%
Pour qui Cristiano Ronaldo ou Lionel Messi ont joué Non
92%
Pour qui Cristiano Ronaldo ou Lionel Messi ont joué Non
92%
Pour qui Cristiano Ronaldo ou Lionel Messi ont joué Non
92%
Pour qui Cristiano Ronaldo ou Lionel Messi ont joué Non
92%
Qui ont gagné la Coupe du Monde Non
92%
Qui ont remporté la Ligue des Champions/t Coupe des Clubs Champions Européens Non
91%
Pour qui Cristiano Ronaldo ou Lionel Messi ont joué Non
91%
Pour qui Cristiano Ronaldo ou Lionel Messi ont joué Non
91%
Pour qui Cristiano Ronaldo ou Lionel Messi ont joué Oui
91%
Pour qui Cristiano Ronaldo ou Lionel Messi ont joué Oui
91%
Qui ont gagné la Coupe du Monde Non
91%
Qui ont gagné la Coupe du Monde Oui
91%
Qui ont gagné la Coupe du Monde Oui
91%
Qui ont gagné la Coupe du Monde Non
91%
Qui ont remporté la Ligue des Champions/t Coupe des Clubs Champions Européens Oui
90%
Qui ont gagné la Premier League, (1992+) Oui
90%
Qui ont gagné la Coupe du Monde Oui
90%
Qui ont gagné la Coupe du Monde Oui
90%
Qui ont gagné la Premier League, (1992+) Oui
89%
Pour qui Cristiano Ronaldo ou Lionel Messi ont joué Oui
89%
Pour qui Cristiano Ronaldo ou Lionel Messi ont joué Oui
89%
Qui ont gagné la Coupe du Monde Non
89%
Clubs sud-américains Non
89%
Qui ont remporté la Ligue des Champions/t Coupe des Clubs Champions Européens Non
88%
Qui ont gagné la Premier League, (1992+) Oui
88%
Qui ont gagné la Premier League, (1992+) Oui
88%
Pour qui Cristiano Ronaldo ou Lionel Messi ont joué Oui
88%
Qui ont gagné la Coupe du Monde Oui
88%
Qui ont remporté la Ligue des Champions/t Coupe des Clubs Champions Européens Non
87%
Qui ont gagné la Coupe du Monde Non
87%
Qui ont remporté la Ligue des Champions/t Coupe des Clubs Champions Européens Oui
85%
Pour qui Cristiano Ronaldo ou Lionel Messi ont joué Oui
84%
Clubs sud-américains Oui
84%
Qui ont gagné la Premier League, (1992+) Oui
83%
Qui ont gagné la Coupe du Monde Oui
82%
Qui ont remporté la Ligue des Champions/t Coupe des Clubs Champions Européens Oui
81%
Clubs sud-américains Non
81%
Qui ont remporté la Ligue des Champions/t Coupe des Clubs Champions Européens Non
80%
Clubs sud-américains Non
80%
Qui ont remporté la Ligue des Champions/t Coupe des Clubs Champions Européens Non
79%
Qui ont gagné la Coupe du Monde Non
79%
Qui ont gagné la Premier League, (1992+) Non
78%
Clubs sud-américains Oui
78%
Qui ont gagné la Premier League, (1992+) Non
77%
Qui ont gagné la Premier League, (1992+) Non
75%
Qui ont gagné la Premier League, (1992+) Oui
75%
Clubs sud-américains Oui
73%
Clubs sud-américains Oui
73%
Qui ont remporté la Ligue des Champions/t Coupe des Clubs Champions Européens Non
71%
Qui ont remporté la Ligue des Champions/t Coupe des Clubs Champions Européens Oui
71%
Qui ont gagné la Premier League, (1992+) Non
71%
Qui ont remporté la Ligue des Champions/t Coupe des Clubs Champions Européens Oui
69%
Clubs sud-américains Oui
69%
Qui ont gagné la Premier League, (1992+) Non
66%
Clubs sud-américains Non
61%
Clubs sud-américains Non
56%
Clubs sud-américains Oui
51%
Clubs sud-américains Non
37%
Qui ont gagné la Premier League, (1992+) Oui
24%
Aucun quiz correspondant
Distribution des résultats
% des personnes avec chaque résultat
Percentile par nombre de réponses
Votre historique - résultats
Vous n’avez pas pris ce quiz